• 首页
  • 本馆介绍
  • 公告通知
  • 最新文献
  • 馆藏检索
  • 电子资源
  • 读者导购
  • 参考咨询
  • 我的图书馆
  • 登录
  • 详细信息显示
  • 放入我的书架
  • 预约/预借图书
  • 作者相关作品
  • 分类相关作品
  • 丛书相关作品
  • 出版社相关作品

书目信息

  • 表格格式
  • 工作单格式
  • 卡片格式
题名:
平静的湖泊
    
 
作者: 黄庆昌 编著
分册:  
出版信息: 广州   广州出版社  1997
页数: 112页
开本: 19cm
丛书名: 百科世界知识丛书
单 册:
中图分类: P941.78-49 , P941.78
科图分类: 57.154059
主题词: 湖泊--简介--世界--青年读物
电子资源:
ISBN: 7-80592-705-7
000 00814nam2 2200301 450
001 073000001852
005 20091027090117.00
009 0198049826
010    @a7-80592-705-7@dCNY8.15
100    @a20040224d am y0chiy0121 ea
101 0  @achi
102    @aCN@b440000
105    @ay zg 000yd
200 10 @a平静的湖泊@Aping jing de hu bo@f黄庆昌编著
210    @a广州@c广州出版社@d1997
215    @a112页@d19cm
225 2  @a百科世界知识丛书
300 2  @a10@h第一辑@v10
410  0 @120010@a百科世界丛书
410  0 @12001 @a百科世界知识丛书
606    @a湖泊@x简介@y世界@x青年读物
690    @aP941.78-49@v3
690    @aP941.78@v4
692    @a57.154059@v2
701  0 @a黄庆昌@Ahuang qing chang@4编著
801  2 @aCN@bHX@c20091027
905    @aBZT@dP941.78@e2
906    @dCNY92(全辑)@n0@r1
    
    平静的湖泊/黄庆昌编著.-广州:广州出版社,1997
    112页;19cm.-(百科世界知识丛书)
    10
    
    ISBN 7-80592-705-7:CNY8.15
    
●
相关链接 在五车中查询图书 在当当中查询图书 在豆瓣中查询图书


正题名:平静的湖泊     索取号:P941.78/2         预约/预借

序号 登录号 条形码 馆藏地/架位号 状态 备注
1 419704   210498157   中心书库中库/ 中库041架B面2列3层75/ [索取号:P941.78/2] 在馆    
2 419705   210498148   中心书库中库/ 中库041架B面2列3层74/ [索取号:P941.78/2] 在馆    
3 419706   210498139   中心书库中库/ 中库041架B面2列3层73/ [索取号:P941.78/2] 在馆    
4 419707   210498120   中心书库中库/ 中库041架B面2列3层72/ [索取号:P941.78/2] 在馆    
5 419708   210498111   中心书库中库/ 中库041架B面2列3层71/ [索取号:P941.78/2] 在馆    
6 419709   210498102   中心书库中库/ 中库041架B面2列3层70/ [索取号:P941.78/2] 在馆    
7 419710   210498095   中心书库中库/ 中库041架B面2列3层69/ [索取号:P941.78/2] 在馆    
8 419711   210498086   中心书库中库/ 中库041架B面2列3层68/ [索取号:P941.78/2] 在馆    
9 419712   210498077   中心书库中库/ 中库041架B面2列3层67/ [索取号:P941.78/2] 在馆    
10 419713   210498068   中心书库中库/ 中库041架B面2列3层66/ [索取号:P941.78/2] 在馆    
山东省滨州职业学院图书馆 欢迎您!
大连网信软件有限公司© 版权所有